[Event "4NCL Division 1a"]
[Site "Hinckley Island ENG"]
[Date "2014.11.16"]
[Round "2.142"]
[White "Cooper, John G"]
[Black "Hunt, Adam C"]
[Result "0-1"]
[WhiteElo "2334"]
[BlackElo "2433"]
[PlyCount "73"]
[EventDate "2014.11.16"]
[WhiteTeam "South Wales Dragons"]
[BlackTeam "Blackthorne Russia"]

1. Nf3 Nf6 2. g3 g6 3. Bg2 Bg7 4. c4 O-O 5. O-O d6 6. d4 Nc6 7. Nc3 Rb8 8. d5
Na5 9. Nd2 c5 10. Qc2 a6 11. b3 b5 12. Bb2 e5 13. Rae1 bxc4 14. bxc4 Bh6 15.
Ncb1 Bf5 16. e4 Bd7 17. Bc1 Rb4 18. Qd3 Nh5 19. Nb3 Bxc1 20. Rxc1 f5 21. Nxa5
Qxa5 22. exf5 Bxf5 23. Qe2 Nf6 24. Nc3 Rfb8 25. h3 Rb2 26. Qe3 h5 27. f3 Kg7
28. g4 Bd7 29. f4 Re8 30. fxe5 Rxe5 31. Qf4 Qd8 32. g5 Nh7 33. h4 Nxg5 34. hxg5
Rxg5 35. Qf7+ Kh6 36. Qf4 Rbxg2+ 37. Kh1 0-1